1642 1301 1881 1682 1953 1925 1911 1362 1278 1391 1253 1983 1992 1287 1524 1742 1243 1153 1679 1284 1986 1293 1017 1279 1229 1586 1933 1561 1971 1441 1591 1660 1226 1958 1650 1536 1451 1531 1485 1765 1481 1196 1920 1338 1606 1385 1963 1031 1858 1093 1232 1142 1459 1152 1484 1658 1268 1379 1612 1077 1496 1415 1507 1648 1437 1872 1371 1352 1689 1775 1420 1138 1286 1876 1233 1115 1416 1189 1979 1287 1579 1084 1174 1782 1940 1034 1989 1048 1690 1172 1878 1654 1819 1216 1681 1212 1663 1211 1732 BCNSPRNW ULIB Ver.6.0+V

เปลี่ยนเป็นภาษาไทย

Change to English
 แสดงรายละเอียดบรรณานุกรม
  กลับหน้าหลัก

Brief Record : Get Marc (ISO 2709) : E-mail record : QR code < ปิดหน้าต่าง
LEADER : 00000nam 2200000uu 4500
001    13399114591
003     ULIB
008    120418s2551||||th 000 0 tha d
020    ^a9789740415831
090    ^aนว.^bพ715ส 2551
100 0  ^aพิมพ์สุรางค์
245 00 ^aสาวร้ายสายลับ ตอน วัยรุ่นเซ็ง/^cพิมพ์สุรางค์
250    ^aพิมพ์ครั้งที่ 1
260    ^aกรุงเทพฯ :^bbluebell,^c2551
300    ^a164 หน้า
710 1  ^abulebell
945    ^p125^l0^i15041
995    ^aกัณชพร
999    ^aใช้งานได้ทุกระบบ
รายการนี้ยังไม่มีแท็ก
คุณยังไม่ได้ล็อกอิน คุณสามารถมีกิจกรรมร่วมกับเว็บไซต์ได้ แต่ต้องล็อกอินก่อน ::
  ล็อกอิน

รายการสื่อสารสนเทศ

ลำดับที่ ประเภท เลขเรียก/บาร์โค้ด สถานที่ สถานะ
1. วิทยาศาสตร์การแพทย์ และสุขภาพ
วิทยาศาสตร์การแพทย์ และสุขภาพ
นว. พ715ส 2551  
  Barcode: 15041
ห้องสมุดวิทยาเขตสวรรค์ประชารักษ์
►นวนิยาย
บนชั้น
  ขอยืม

รายการใกล้เคียง
    ผู้แต่ง [พิมพ์สุรางค์]

BibComment


ยังไม่เคยถูกคอมเมนท์

คอมเมนท์ทรัพยากรรายการนี้
  คอมเมนท์: สาวร้ายสายลับ ตอ..


 Copyright 2026. Bcnsprnw @Library